00313nam a2200109Ia 4500008004100000082000800041100001900049245001700068942000600085952009700091999001500188240331s9999 xx 000 0 und d bRAJ aRajadurai, S.V 0au pathivugal cL 001040708LaWERCLbWERCLcSSCd2024-03-31l0o 323.4 RAJp1972r2024-03-31w2024-03-31yL c2499d2499